| 000 | 01350nam a2200349Ia 4500 | ||
|---|---|---|---|
| 001 | ebr10115194 | ||
| 003 | CaPaEBR | ||
| 006 | m u | ||
| 007 | cr cn||||||||| | ||
| 008 | 020717s2003 nyu sb 001 0 eng d | ||
| 010 | _z 2002029247 | ||
| 020 | _z1403973806 | ||
| 020 | _z0312294328 | ||
| 040 |
_aCaPaEBR _cCaPaEBR |
||
| 035 | _a(OCoLC)560026939 | ||
| 050 | 1 | 4 |
_aF1938.25.H2 _bM38 2003eb |
| 082 | 0 | 4 |
_a972.93 _221 |
| 100 | 1 | _aMatibag, Eugenio. | |
| 245 | 1 | 0 |
_aHaitian-Dominican counterpoint _h[electronic resource] : _bnation, state, and race on Hispaniola / _cEugenio Matibag. |
| 260 |
_aNew York : _bPalgrave, _c2003. |
||
| 300 | _aix, 269 p. | ||
| 504 | _aIncludes bibliographical references (p. [245]-261) and index. | ||
| 533 |
_aElectronic reproduction. _bPalo Alto, Calif. : _cebrary, _d2009. _nAvailable via World Wide Web. _nAccess may be limited to ebrary affiliated libraries. |
||
| 650 | 0 |
_aInternational relations _xHistory. |
|
| 651 | 0 |
_aDominican Republic _xRelations _zHaiti. |
|
| 651 | 0 |
_aHaiti _xRelations _zDominican Republic. |
|
| 651 | 0 |
_aDominican Republic _xHistory. |
|
| 651 | 0 |
_aHaiti _xHistory. |
|
| 655 | 7 |
_aElectronic books. _2local |
|
| 710 | 2 | _aebrary, Inc. | |
| 856 | 4 | 0 |
_uhttp://site.ebrary.com/lib/rucke/Doc?id=10115194 _zAn electronic book accessible through the World Wide Web; click to view |
| 999 |
_c103538 _d103538 |
||